Élő plébániai közösség a Kis-Duna mentén

Bibliographic Details
Main Author: Kövesdi, Károly, 1953- (Author)
Format: Article
Language:Hungarian
PhysicalDescription:Fotogr.
Subjects:

MARC

LEADER 00000nab a2200000 ar4500
001 vtls010270221
003 SK-MaSNL
005 20260318114936.0
008 110412c2011 xo |||||||| 000 b|hun
015 |a SNBRB2011/03  |2 snkbucl 
038 |a SNKBUCL 
040 |a DSZK  |b slo  |c DSZK  |e AACR2 
041 0 |a hun 
044 |a xo  |c SK 
080 |a 904:726.54  |x (437.6)  |2 2001 
080 |a 726.54  |x (437.6)  |2 2001 
080 |a 272-774  |x (437.6)  |2 2001 
100 1 |a Kövesdi, Károly,  |d 1953-  |4 aut  |9 264403 
245 1 0 |a Élő plébániai közösség a Kis-Duna mentén  |c Kövesdi Károly 
300 |b Fotogr. 
600 1 7 |a Czuczor, József  |2 snkbucl  |9 537915 
610 2 7 |a Rímskokatolícka cirkev.  |b Farnosť (Jelka, Slovensko)  |2 snkbucl  |9 1600891 
610 2 7 |a Kostol Narodenia sv. Jána Krstiteľa (Jelka, Slovensko)  |2 snkbucl  |9 1600892 
650 0 7 |a kostoly  |2 SNKPH  |9 3023 
650 0 7 |a farnosti  |2 SNKPH  |9 3772 
650 0 7 |a katolícke farnosti  |2 SNKPH  |9 3771 
651 7 |a Jelka (Slovensko)  |2 SNKPHgeo  |9 70952 
773 0 |t Vasárnap  |g Évf. 44, sz. 11 (2011), o. 16-17 
852 |a SNK  |b KIS3GCP 
852 |a DSZK  |b KIS3GCP 
958 |a HU 
958 |a SK 
958 |a NT 
999 |c 3293821  |d 3295751